000
00463nam a2200181Ia 4500
008
100917s9999 xx 000 0 und d
082
_b
52718
100
_a
आचार्य नयना
245
_a
उधान
260
_b
परिमल प्रकाशन
_c
1982
300
_a
174
365
_b
30
520
_a
कादंबरी
630
_a
उधान
650
_a
कादंबरी
730
_a
उधान
942
_c
BOOK
999
_c
658112
_d
658109